Improving energy efficiency in housing (Record no. 73015)
[ view plain ]
| 000 -LEADER | |
|---|---|
| fixed length control field | 01063cam a2200193 4500 |
| 001 - CONTROL NUMBER | |
| control field | WB3926-08 |
| 008 - FIXED-LENGTH DATA ELEMENTS--GENERAL INFORMATION | |
| fixed length control field | 030709n2003 000 0 eng u |
| 035 ## - SYSTEM CONTROL NUMBER | |
| System control number | (Sirsi) u122964 |
| 245 ## - TITLE STATEMENT | |
| Title | Improving energy efficiency in housing |
| 260 ## - PUBLICATION, DISTRIBUTION, ETC. | |
| Date of publication, distribution, etc. | 2003 |
| 490 ## - SERIES STATEMENT | |
| Series statement | BRE News Release |
| Volume/sequential designation | 1 July 2003 (1) |
| 520 ## - SUMMARY, ETC. | |
| Summary, etc. | "Domestic energy fact file 2003"*, a newly published BRE report, documents progress over the past thirty years on improving energy efficiency in housing, the largest energy use sector. The report presents detailed information on energy use trends and energy efficiency in the housing stock and analyses the pace of uptake of energy efficiency measures in the light of the government's target of 60% carbon dioxide emissions reduction by 2050. ISBN 1860816231. Available from RICS Books*. http://www.bre.co.uk/news.jsp?id=132 |
| 590 ## - LOCAL NOTE (RLIN) | |
| Local note | WB |
| 650 ## - SUBJECT ADDED ENTRY--TOPICAL TERM | |
| Topical term or geographic name entry element | CARBON DIOXIDE EMISSIONS |
| 650 ## - SUBJECT ADDED ENTRY--TOPICAL TERM | |
| Topical term or geographic name entry element | CAVITY WALL INSULATION |
| 650 ## - SUBJECT ADDED ENTRY--TOPICAL TERM | |
| Topical term or geographic name entry element | HOUSING STOCK |
| 690 ## - LOCAL SUBJECT ADDED ENTRY--TOPICAL TERM (OCLC, RLIN) | |
| Topical term or geographic name as entry element | ENVIRONMENTAL AND LAND CONSULTANCY-ENERGY-ENERGY USE-ENERGY EFFICIENCY |
| 942 ## - ADDED ENTRY ELEMENTS (KOHA) | |
| Suppress in OPAC | 0 |
| Withdrawn status | Lost status | Source of classification or shelving scheme | Damaged status | Not for loan | Home library | Current library | Shelving location | Date acquired | Total Checkouts | Full call number | Barcode | Date last seen | Copy number | Price effective from | Koha item type |
|---|---|---|---|---|---|---|---|---|---|---|---|---|---|---|---|
| Dewey Decimal Classification | London | London | News article | 09/07/2003 | WB3926-08 | 122964-1001 | 06/08/2019 | 1 | 06/08/2019 | News article |